Statistiques concernant Devinez le Département Mystère #51

Cliquez ici pour prendre le quiz!

Statistiques générales

  • Ce quiz a été pris 135 fois
  • Le résultat moyen est 29 sur 37

Statistiques - réponses

Type de RéponseRéponse% Correct
Lettre TrouvéeE
100%
Lettre TrouvéeR
100%
Lettre de l'AlphabetN
99%
Lettre TrouvéeA
98%
Lettre TrouvéeO
98%
Lettre TrouvéeS
98%
Lettre TrouvéeT
96%
Lettre TrouvéeH
95%
Lettre de l'AlphabetI
95%
Lettre de l'AlphabetL
94%
Lettre TrouvéeU
94%
Lettre de l'AlphabetD
89%
Lettre de l'AlphabetM
87%
Lettre de l'AlphabetV
85%
Lettre TrouvéeC
79%
Lettre de l'AlphabetP
79%
Lettre de l'AlphabetG
78%
Lettre Bien PlacéeA
75%
Lettre de l'AlphabetB
75%
Lettre Bien PlacéeE
75%
Lettre Bien PlacéeE
75%
Lettre Bien PlacéeH
75%
Lettre Bien PlacéeT
75%
Lettre Bien PlacéeU
75%
Lettre de l'AlphabetF
74%
Lettre de l'AlphabetY
73%
Lettre Bien PlacéeO
71%
Lettre Bien PlacéeR
67%
Lettre de l'AlphabetJ
66%
Lettre de l'AlphabetQ
66%
Lettre de l'AlphabetX
64%
Lettre de l'AlphabetZ
64%
Lettre Bien PlacéeC
63%
Département MystèreHaute-Corse
63%
Lettre de l'AlphabetK
63%
Lettre Bien PlacéeS
63%
Lettre de l'AlphabetW
63%

Distribution des résultats

Percentile par nombre de réponses

% des personnes avec chaque résultat

Votre développement - résultats

Vous n’avez pas pris ce quiz